000 03206cam a2200469Ia 4500
001 DIGPOLIF0098
003 NyNyDIG
006 m o d
007 cr |||||||||||
008 161101t20052005sp a ob 000 0 spa d
020 _z9788486547783
020 _z8486547784
035 _a(OCoLC)888238710
040 _aDGITA
_beng
_erda
_epn
_cDGITA
043 _amm-----
050 1 4 _aBL444 eBook
245 0 0 _aParaíso cerrado, jardín abierto :
_bel reino vegetal en el imaginario religioso del Mediterráneo /
_cR. Olmos, P. Cabrera, S. Montero, coordinadores.
246 3 0 _aReino vegetal en el imaginario religioso del Mediterráneo
264 1 _aMadrid :
_bEdiciones Polifemo,
_c2005.
264 4 _c©2005
300 _a1 online resource (340 pages, xvi pages of plates) :
_billustrations.
336 _atext
_btxt
_2rdacontent
337 _acomputer
_bc
_2rdamedia
338 _aonline resource
_bcr
_2rdacarrier
490 1 _aEl Espejo navegante ;
_v12
504 _aIncludes bibliographical references.
505 0 _aImaginarios de la physis y del brotar en el antiguo Mediterráneo / Ricardo Olmos -- Las plantas y el hombre en la antigua Mesopotamia / Barbara Bock -- El árbol bíblico de la conciencia / Ignacio Márquez Rowe -- Carácter simbólico de algunos árboles y plantas en el antiguo Egipto / José Manuel Galán -- El dicho del árbol y la piedra. Sabiduría ancestral y árboles sagrados en Grecia arcaica y el Levante / Carolina López Ruiz -- Flor y ritos de infancia en la antigua Grecia: azafrán, narciso y jacinto / Margarita Moreno Conde -- El dios entre las flores. El mundo vegetal en la iconografía de la Magna Grecia / Paloma Cabrera -- Los árboles en los libros etruscos de adivinación / Santiago Montero -- La ritualización del reino vegetal en la Roma antigua: los liba / José A. Delgado Delgado -- La arboricultura y el orden del mundo: de Vertumnus al Dios que planta e injerta / Diana Segarra Crespo -- El cáñamo, planta sagrada del sufismo heterodoxo y marginal / Indalecio Lozano -- El Jardín de Hécate: Magia vegetal en la España barroca / Mar Rey Bueno -- Arcadia: naturaleza y mito / Ma. Cruz Cardete del Olmo -- Entre el imperio vegetal y el sagrado enigma. Linneo, Goethe y el lenguaje de las plantas / Juan Pimentel -- Vegetales y vida simbólica, algunos ejemplos que perviven / Manuel Pardo de Santayana y Ramón Morales.
588 0 _aOnline resource; title from PDF title page (Digitalia, viewed October 30, 2016)
650 0 _aPlants
_xReligious aspects
_xHistory.
651 0 _aMediterranean Region
_xReligion.
655 0 _aElectronic books.
700 1 _aOlmos Romera, Ricardo,
_eeditor.
700 1 _aCabrera Bonet, Paloma,
_eeditor.
700 1 _aMontero Díaz, Santiago,
_eeditor.
776 0 8 _iPrint version:
_tParaíso cerrado, jardín abierto.
_dMadrid : Ediciones Polifemo, 2005.
_z9788486547783
_w(OCoLC)64429811
791 2 _aDigitalia (Firm),
_edistributor.
830 0 _aEspejo navegante ;
_v12
793 0 _gDigitalia eBook Collection:
_aEdiciones Polifemo.
856 4 0 _3Digitalia Hispánica
_uhttps://www.digitaliapublishing.com/a/18936/
910 _aPremium Collection: 2007-2012
942 _cRAA
999 _c236164
_d236164